| 000 | 00500nam a2200157 i 4500 | ||
|---|---|---|---|
| 001 | 47043 | ||
| 003 | ES-MaACL | ||
| 007 | t| | ||
| 008 | 030403s1929 ec ||||1| spa d | ||
| 110 | 2 |
_aEcuador. _93419 |
|
| 240 | 1 | 0 |
_aConstitución. _f1928 |
| 245 | 1 | 0 | _aConstitución política de la República del Ecuador dictada por la Asamblea Nacional Constituyente de 1928-29. |
| 260 |
_aQuito : _b[s.n., _c1929] ( _fTalleres Gráficos Nacionales) |
||
| 300 |
_a89 p. ; _c17 cm. |
||
| 852 |
_aES-MaACL _jB-3786 |
||
| 999 |
_c47043 _d47043 |
||